Responses for show #4592 - Tuesday, July 20, 2004

Ken Jennings game 35.

Contestants

[<< previous game]

Susan Keller, a community activist from Santa Barbara, California

Christopher Mensel, a writer from Providence, Rhode Island

Ken Jennings, a software engineer from Salt Lake City, Utah (whose 34-day cash winnings total $1,135,460)

[next game >>]

Jeopardy! Round responses

COLONIAL AMERICA
TRAVEL & TOURISM
MOTHER GOOSE NOIR
PEOPLE
IT'S A WEBSITE
ROCK & ROLL
    $200 9
Jamestown

Ken
    $200 26
the Metropolitan Museum of Art

Ken
    $200 1
Humpty Dumpty

Ken
    $200 6
Dr. (Martin Luther) King (Jr.)

Ken
    $200 21
Amazon

Ken
    $200 16
Prince

Ken
    $400 12
(Ken: What is Vermont?)
(Susan: What is Massachusetts?)

New Jersey

KenSusan
Triple Stumper
    $400 27
Auckland

Ken
    $400 2
Old King Cole

Ken
    $400 7
Jack Paar

Ken
    $400 22
Yahoo

Ken
    $400 17
Blondie

Christopher
    $600 13
the Huguenots

Ken
    $600 28
Dublin

Ken
    $600 3
Georgie Porgie

Ken
    $600 8
Jim Plunkett

Susan
    $600 23
Google

Ken
    $600 18
Justin Timberlake

Christopher
    $800 14
(Roger) Williams

Ken
    $800 29
[The end-of-round signal sounds.]

Branson

Ken
    $800 4
Cock Robin

Ken
    $800 10
The Pointer Sisters

Ken
    $800 24
Bartleby

Ken
    $800 19
The Calling

Triple Stumper
    $1000 15
Oglethorpe

Ken
    $1000 5
(Ken: Who is Jill?)

Dame Dob

Ken
Triple Stumper
    $1000 11
Aleister Crowley

Ken
    $1000 25
Northern Light

Ken
    $1,000 20
Stone Temple Pilots

Christopher

Scores at the first commercial break (after clue 13):

Ken Christopher Susan
$3,800 $0 $200

Scores at the end of the Jeopardy! Round:

Ken Christopher Susan
$10,800 $2,000 $200

Double Jeopardy! Round responses

AUTHORS
GIMME THE 5th
THE PREVIOUS VEEP
____ ON...
IRAQ
ROLE
    $400 1
(Robert Louis) Stevenson

Ken
    $400 11
N

Ken
    $400 6
Dan Quayle

Ken
    $400 21
sleep on it

Ken
    $400 26
Tigris

Ken
    $400 16
NYPD Blue

Ken
    $800 2
H.G. Wells

Ken
    $800 12
the ring finger

Christopher
    $800 7
Richard Nixon

Ken
    $7,200 22
(Ken: What is [*], like the deodorant?)
(Alex: Ha! Ken put on a little humor there, but it pays off because you're correct.)

roll on

Ken
    $800 27
Ottoman Empire

Ken
    $800 17
Marcus Welby, M.D.

Ken
    $1200 3
Sinclair Lewis

Ken
    $1200 13
Saddam Hussein

Ken
    $1200 8
Thomas Jefferson

Ken
    $1200 23
tell on (you)

Ken
    $1200 28
Persian Gulf

Triple Stumper
    $1200 18
Next Generation

Ken
    $1600 4
(Ralph) Ellison

Ken
    $1600 14
Dave Clark

Ken
    $1600 9
Hubert Humphrey

Ken
    $1600 24
growing on you

Ken
    $1600 29
Kuwait

Ken
    $1600 19
James Caan

Christopher
    $2000 5
Clarence Day

Triple Stumper
    $3,000 15
(Ken: I'm gonna do my thing and go $3,000, Alex. There you go.)
(Alex: That's it?)

Seminole

Ken
    $2000 10
Harry Truman

Susan
    $2000 25
(Ken: What is tying on?)

casting on

Ken
Triple Stumper
    $2000 30
Sunni Triangle

Ken
    $2000 20
Peri Gilpin

Christopher

Scores at the end of the Double Jeopardy! Round:

Ken Christopher Susan
$40,600 $6,400 $2,200
(lock game)

[wagering suggestions for these scores]

Final Jeopardy! Round responses

ON THE MAP
(Alex: And you now set a new record for Jeopardy!, $1,164,660. And he'll keep trying until he gets it right. See you all tomorrow.)
SusanWhat is Morocco?
$2,000
ChristopherWhat is
$1
KenWhat is Nigeria?
$11,400
Algeria

Final scores:

Ken Christopher Susan
$29,200 $6,399 $200
35-day champion: $1,164,660 2nd place: $2,000 3rd place: $1,000

Game dynamics:

Coryat scores:

Ken Christopher Susan
$33,200 $6,400 $2,200
45 R
(including 2 DDs),
3 W
6 R
(including 1 DD),
0 W
2 R,
1 W

Combined Coryat: $41,800

The J! Archive is created by fans, for fans. The Jeopardy! game show and all elements thereof, including but not limited to copyright and trademark thereto, are the property of Jeopardy Productions, Inc. and are protected under law. This website is not affiliated with, sponsored by, or operated by Jeopardy Productions, Inc. Join the discussion at JBoard.tv.